<?xml version="1.0" encoding="UTF-8"?>
<collection xmlns="http://www.loc.gov/MARC21/slim">
 <record>
  <leader>00362pamaa2200121   4500</leader>
  <controlfield tag="001">0000033626</controlfield>
  <controlfield tag="005">20070222090000.0</controlfield>
  <datafield tag="020" ind1="0" ind2="0">
   <subfield code="a">0895773783 </subfield>
  </datafield>
  <datafield tag="090" ind1="0" ind2="0">
   <subfield code="a">TH4817.3 </subfield>
   <subfield code="b">NEW 1991</subfield>
  </datafield>
  <datafield tag="245" ind1="1" ind2="0">
   <subfield code="a">NEW complete do-it-yourself manual  </subfield>
   <subfield code="c">Reader's Digest.</subfield>
  </datafield>
  <datafield tag="260" ind1="0" ind2="0">
   <subfield code="a">New York: </subfield>
   <subfield code="b">Reader's Digest, </subfield>
   <subfield code="c">1991.</subfield>
  </datafield>
  <datafield tag="300" ind1=" " ind2=" ">
   <subfield code="a">528p.bcol. ill.; </subfield>
   <subfield code="c">22cm.</subfield>
  </datafield>
  <datafield tag="650" ind1="0" ind2="0">
   <subfield code="a">Dwellings -- </subfield>
   <subfield code="x">Maintenance and Repair </subfield>
  </datafield>
 </record>
</collection>
